110 Tips, timesavers, & tricks of the trade. (Record no. 12495)

000 -LEADER
fixed length control field 00571nam a2200193 a 4500
001 - CONTROL NUMBER
control field :::00010297$&:&@@
003 - CONTROL NUMBER IDENTIFIER
control field OkBaRHE
005 - DATE AND TIME OF LATEST TRANSACTION
control field 20090408142109.0
008 - FIXED-LENGTH DATA ELEMENTS--GENERAL INFORMATION
fixed length control field s1984 j 000 0 eng u
040 ## - CATALOGING SOURCE
Transcribing agency
100 1# - MAIN ENTRY--PERSONAL NAME
Personal name Rice, Wayne.
245 10 - TITLE STATEMENT
Title 110 Tips, timesavers, & tricks of the trade.
260 ## - PUBLICATION, DISTRIBUTION, ETC. (IMPRINT)
Place of publication, distribution, etc El Cajon, CA., :
Name of publisher, distributor, etc Youth Specialities Inc.
Date of publication, distribution, etc 1984
300 ## - PHYSICAL DESCRIPTION
Extent 68 p.
650 ## - SUBJECT ADDED ENTRY--TOPICAL TERM
Topical term or geographic name as entry element Youth
650 ## - SUBJECT ADDED ENTRY--TOPICAL TERM
Topical term or geographic name as entry element Youth Work in the Church
942 ## - ADDED ENTRY ELEMENTS (KOHA)
Source of classification or shelving scheme
Koha item type Books
Copies
Lost status Shelving location Date last seen Koha item type Full call number Date acquired Barcode Withdrawn status Copy number Source of classification or shelving scheme Not for loan Price effective from Damaged status Permanent Location
 General Stacks2010-04-14BooksBV 4447 .R52010-04-1410297 1  2010-04-14 RHEMA Bible Training College